Responses for Show #287 - Tuesday, October 15, 1985

Introductions entered from audiorecording.

Contestants

[<< previous game]

Keith West, an engineer from Altadena, California

Dorothy Korber, a newspaper reporter from Long Beach, California

Jim Rondoni, a freelance writer from Los Angeles, California (whose 2-day cash winnings total $9,200)

[next game >>]

Jeopardy! Round responses

1960
COWBOYS & INDIANS
PARKS
ROCK 'N' ROLL TRIVIA
6-LETTER WORDS
TIME
60;60;60; $100 1
John Kennedy

Dorothy
60;60;60; $100 2
Blazing Saddles

Jim
60;60;60; $100 12
Boston Common

Jim
60;60;60; $100 7
Jefferson Airplane

Keith
60;60;60; $100 23
onward

Dorothy
60;60;60; $100 10
(Jim: What is one minute?)

one-half a minute (30 seconds)

JimKeith
60;60;60; $200 3
the 50-star flag

Dorothy
60;60;60; $200 4
Hopalong Cassidy

Dorothy
60;60;60; $200 13
(Keith: What is Candlestick Park?)
(Dorothy: What is Wrigley Field?)

Comiskey Park

DorothyKeith
Triple Stumper
60;60;60; $200 8
the Rolling Stones

Dorothy
60;60;60; $200 24
pounce

Jim
60;60;60; $200 11
Search for Tomorrow

Dorothy
60;60;60; $300 14
a television

Dorothy
60;60;60; $300 5
(Keith: What is "On, Scout!")

Get 'em up

Keith
Triple Stumper
60;60;60; $300 25
Needle Park

Jim
60;60;60; $300 17
dark sunglasses

Keith
60;60;60; $700 15
"The Times They Are A-Changin'"

Dorothy
60;60;60; $400 21
(Dorothy: Who is Edward?)
(Alex: No, can't give it to you.)
...
(Alex: Edward is one of his names, but it's the fifth of the names they christened him with. So I think we're safe in expecting you to come up with Prince Andrew as Jim did. We've got less than a minute to go in the round.)

(Prince) Andrew

JimDorothy
60;60;60; $400 6
F Troop

Keith
60;60;60; $400 26
Hyde Park

Jim
60;60;60; $400 18
"Sugar, Sugar"

Keith
60;60;60; $400 16
(Keith: What is a [*] workout?)
(Alex: You knew that, huh, Keith? I did too.)
[Laughter]

20 minutes

Keith
60;60;60; $500 22
Fidel Castro

Jim
60;60;60; $500 9
a blacksmith

Dorothy
60;60;60; $500 27
[The end-of-round signal sounds.]

(1 of) Zion, Bryce Canyon, Arches, Canyonlands & Capitol Reef

Jim
60;60;60; $500 19
(Jim: What is Hamlet?)

Othello

Jim
Triple Stumper
60;60;60; $500 20
(Sebastian) Coe

Jim

Scores at the first commercial break (after clue 11):

Jim Dorothy Keith
$0 $1,400 $300

Scores at the end of the Jeopardy! Round:

Jim Dorothy Keith
$2,400 $1,900 $1,200

Double Jeopardy! Round responses

CONQUERORS
BOXING
LITERATURE
AUTOMOBILES
GEOGRAPHY
LAW
60;60;60; $200 7
conquistador

Keith
60;60;60; $200 26
the left foot

Dorothy
60;60;60; $200 2
the Robinsons

Jim
60;60;60; $200 20
an Aston Martin

Jim
60;60;60; $200 1
Hong Kong

Dorothy
60;60;60; $200 10
a statute of limitations

Jim
60;60;60; $400 8
the Crusaders

Keith
60;60;60; $400 27
a neutral corner

Keith
60;60;60; $400 4
(Jim: What is "Old Man and the Sea"?)

"The Killers"

Jim
Triple Stumper
60;60;60; $400 21
(Alex: And we've got less than a minute to go in the round.)

Mitsubishi

Jim
60;60;60; $400 3
a canton

Dorothy
60;60;60; $400 11
a deposition

Jim
60;60;60; $600 9
the Norse(men) (the Vikings)

Jim
60;60;60; $600 28
bare-knuckle

Keith
60;60;60; $600 5
David Copperfield

Triple Stumper
60;60;60; $600 22
Wolfsburg

Jim
60;60;60; $600 17
England

Jim
60;60;60; $600 12
habeas corpus

Triple Stumper
60;60;60; $800 15
(Jim: Who is Genghis Khan?)

Kublai Khan

Jim
Triple Stumper
60;60;60; $800 29
(Dorothy: What is a knockout?)

a knockdown

DorothyKeith
60;60;60; $700 6
(Dorothy: What is a watch?)
(Alex: Sorry, that is wrong. It was [*]. He had the watch already and she wanted to get him a [*] for it and sold her hair.)

a watch fob

Dorothy
60;60;60; $800 23
American Motors

Jim
60;60;60; $800 18
Australia

Jim
60;60;60; $800 13
barristers

Jim
60;60;60; $1000 16
Robert Clive

Triple Stumper
60;60;60; $1000 30
heavyweight

Triple Stumper
60;60;60; $1000 25
March

Triple Stumper
60;60;60; $1000 24
the Ford Escort

Triple Stumper
60;60;60; $1000 19
Crete

Jim
60;60;60; $1,200 14
(Jim: Let's go for $1,000. $1,200 please.)
(Alex: For $1,200 then, here is the clue.)
...
(Jim: [No response])

a holographic will

Jim

Scores at the end of the Double Jeopardy! Round:

Jim Dorothy Keith
$6,600 $1,200 $3,600

[wagering suggestions for these scores]

Final Jeopardy! Round responses

FOOD & DRINK
DorothyWhat is an orange?
$1,199
KeithWhat are grapes?
$3,000
JimWhat are oranges?
$2,000
grapes

Final scores:

Jim Dorothy Keith
$4,600 $1 $6,600
2nd place: a cruise to the Bahamas 3rd place: Frigidaire washer & dryer New champion: $6,600

Game dynamics:

Coryat scores:

Jim Dorothy Keith
$7,800 $1,500 $3,600
21 R,
5 W
(including 1 DD)
12 R
(including 1 DD),
4 W
(including 1 DD)
11 R,
2 W

Combined Coryat: $12,900

[game clues] [game scores] [suggest correction]

Game tape date: 1985-07-30
The J! Archive is created by fans, for fans. Scraping, republication, monetization, and malicious use prohibited; this site may use cookies and collect identifying information. See terms. The Jeopardy! game show and all elements thereof, including but not limited to copyright and trademark thereto, are the property of Jeopardy Productions, Inc. and are protected under law. This website is not affiliated with, sponsored by, or operated by Jeopardy Productions, Inc. Join the discussion at JBoard.tv.